Environmentálne aspekty spoločensky zodpovedného marketingu
Spoločné mravné princípy, ktoré by mohli byť príkladom všeobecne prijatých etických, sociálnych a environmentálnych štandardov podnikateľského sektora.
Gespeichert in:
| 1. Verfasser: | |
|---|---|
| Format: | Buchkapitel |
| Sprache: | Slowakisch |
| Schlagworte: | |
| Tags: |
Keine Tags, Fügen Sie das erste Tag hinzu!
|
MARC
| LEADER | 00000naa a2200000 4500 | ||
|---|---|---|---|
| 001 | 0168826 | ||
| 005 | 20231207075145.7 | ||
| 041 | 0 | |a slo | |
| 044 | |a SK | ||
| 245 | 1 | 0 | |a Environmentálne aspekty spoločensky zodpovedného marketingu |c Zdenka Musová |
| 520 | |a Spoločné mravné princípy, ktoré by mohli byť príkladom všeobecne prijatých etických, sociálnych a environmentálnych štandardov podnikateľského sektora. | ||
| 610 | 2 | 0 | |a marketing |
| 610 | 2 | 0 | |a marketing spoločenský |
| 610 | 2 | 0 | |a stratégia marketingová |
| 610 | 2 | 0 | |a nástroje marketingové |
| 610 | 2 | 0 | |a environmentalistika |
| 610 | 2 | 0 | |a zodpovednosť spoločenská |
| 100 | 1 | |a Musová, Zdenka | |